Flow through open channels (Record no. 11092)

000 -LEADER
fixed length control field 00492nam a22001937a 4500
001 - CONTROL NUMBER
control field 11092
003 - CONTROL NUMBER IDENTIFIER
control field BD-DhUET
008 - FIXED-LENGTH DATA ELEMENTS--GENERAL INFORMATION
fixed length control field 150214b xxu||||| |||| 00| 0 eng d
040 ## - CATALOGING SOURCE
Original cataloging agency DLC
Transcribing agency DLC
Modifying agency BD-DhUET
082 ## - DEWEY DECIMAL CLASSIFICATION NUMBER
Classification number 627.01
Item number RAJ/1981
100 ## - MAIN ENTRY--PERSONAL NAME
Personal name Raju, K G Ranga
245 ## - TITLE STATEMENT
Title Flow through open channels
250 ## - EDITION STATEMENT
Edition statement Ist ed.
260 ## - PUBLICATION, DISTRIBUTION, ETC. (IMPRINT)
Place of publication, distribution, etc. New Delhi
Name of publisher, distributor, etc. Tata Mcgraw Hill
Date of publication, distribution, etc. 1981
300 ## - PHYSICAL DESCRIPTION
Extent x, 330p.
Other physical details illus.
504 ## - BIBLIOGRAPHY, ETC. NOTE
Bibliography, etc Includes bibliographies
650 #0 - SUBJECT ADDED ENTRY--TOPICAL TERM
Topical term or geographic name as entry element Open channel flow
942 ## - ADDED ENTRY ELEMENTS (KOHA)
Koha item type General Book
Holdings
Withdrawn status Koha full call number Not for loan Koha normalized classification for sorting Koha item type Source of classification or shelving scheme Koha date last borrowed Koha date last seen Damaged status Sublocation or collection (holding branch) Location (home branch) Date acquired Lost status Price effective from Copy number Shelving location Koha issues (times borrowed) Piece designation (barcode)
 627.01/RAJ/1981 627_010000000000000_RAJ_1981General Book  2017-05-27 Central Library, BUETCentral Library, BUET2015-02-14 2015-02-141Circulation section 57607
 627.01/RAJ/1981 627_010000000000000_RAJ_1981General Book  2015-02-23 Central Library, BUETCentral Library, BUET2015-02-23 2015-02-232Circulation section 56714
 627.01/RAJ/1981 627_010000000000000_RAJ_1981General Book 2018-01-272018-02-03 Central Library, BUETCentral Library, BUET2015-02-23 2015-02-233Circulation section156715
 627.01/RAJ/1981 627_010000000000000_RAJ_1981General Book 2018-07-172025-04-22 Central Library, BUETCentral Library, BUET2015-02-23 2015-02-234Circulation section177612